00338nam a2200121Ia 4500008004100000041000800041082001400049100002200063245004500085260004600130300003100176365000900207240624s9999 xx 000 0 und d aeng a658.4 ROS aROSINSKI PHILIPPE aGLOBAL COACHING AN INTEGRATED APPROACH F c2010aLondonbNicholas Brealey Publishing axxi, : 266 : p. : cm. ; 23 cb30